000 00484nam a2200157Ia 4500
008 240729s9999 xx 000 0 und d
022 _a2217-7183
245 0 _aSerbian Journal of Electrical Engineering
260 _aSerbia
260 _bFaculty of Technical Sciences in Cacak
650 _a Electrical engineering. Electronics. Nuclear engineering
650 _aTechnology
856 _uhttps://doaj.org/toc/675d5d0e1be8442fbabef478af8ce1bc
942 _2ddc
942 _cDOAJEJ
999 _c68368
_d68368
945 _a1
_bMadushi Gamage
_c1
_dMadushi Gamage